| 000 | nam a22 7a 4500 | ||
|---|---|---|---|
| 999 |
_c342248 _d342248 |
||
| 003 | NUST | ||
| 005 | 20171214122743.0 | ||
| 008 | 171214b xxu||||| |||| 00| 0 eng d | ||
| 020 | _a1566705703 | ||
| 040 | _c0 | ||
| 082 | _a658.408 IAN | ||
| 100 |
_aIannuzzi,al _97274 |
||
| 245 |
_aIndustry Self-Regulation and Voluntary Environmental Compliance _cAl Iannuzzi,Jr |
||
| 260 |
_aBosa Raton _bLewis _c2002 |
||
| 300 | _a180p. | ||
| 500 | _aH.B | ||
| 942 |
_2ddc _cBK _kIESE |
||